| 000 -LEADER |
| fixed length control field |
01050cas a2200361 a 4500 |
| 001 - CONTROL NUMBER |
| control field |
11490887 |
| 005 - DATE AND TIME OF LATEST TRANSACTION |
| control field |
20180222040725.0 |
| 007 - PHYSICAL DESCRIPTION FIXED FIELD--GENERAL INFORMATION |
| fixed length control field |
t| |
| 008 - FIXED-LENGTH DATA ELEMENTS--GENERAL INFORMATION |
| fixed length control field |
981020c19949999miuar h 0 a0eng c |
| 010 ## - LIBRARY OF CONGRESS CONTROL NUMBER |
| LC control number |
sn 98001207 |
| Canceled/invalid LC control number |
93045651 |
| 022 0# - INTERNATIONAL STANDARD SERIAL NUMBER |
| International Standard Serial Number |
1522-2934 |
| Source |
1 |
| 035 ## - SYSTEM CONTROL NUMBER |
| System control number |
(OCoLC)ocm40138523 |
| 040 ## - CATALOGING SOURCE |
| Original cataloging agency |
NSDP |
| Transcribing agency |
NSDP |
| Modifying agency |
DLC |
| -- |
OCoLC |
| 041 ## - LANGUAGE CODE |
| Language code of text/sound track or separate title |
eng |
| 042 ## - AUTHENTICATION CODE |
| Authentication code |
nsdp |
| -- |
pcc |
| 043 ## - GEOGRAPHIC AREA CODE |
| Geographic area code |
n-us--- |
| 080 ## - UNIVERSAL DECIMAL CLASSIFICATION NUMBER |
| Universal Decimal Classification number |
920 \alt |
| 082 10 - DEWEY DECIMAL CLASSIFICATION NUMBER |
| Classification number |
920 \alt |
| Edition number |
13 |
| 100 ## - Rafti |
| Rafti |
24 |
| 101 ## - Shkurtesa |
| Shkurtesa |
pol |
| 210 0# - ABBREVIATED TITLE |
| Abbreviated title |
Afr. Am. biogr. |
| 222 #0 - KEY TITLE |
| Key title |
African American biography |
| 245 00 - TITLE STATEMENT |
| Title |
African American biography. |
| 310 ## - CURRENT PUBLICATION FREQUENCY |
| Current publication frequency |
Annual |
| 362 0# - DATES OF PUBLICATION AND/OR SEQUENTIAL DESIGNATION |
| Dates of publication and/or sequential designation |
Vol. 1- |
| 515 ## - NUMBERING PECULIARITIES NOTE |
| Numbering peculiarities note |
First 4 vols. published in 1994; each vol. covers portion of alphabet. |
| 515 ## - NUMBERING PECULIARITIES NOTE |
| Numbering peculiarities note |
Vol. 5-<v. 6> are annual updates. |
| 906 ## - LOCAL DATA ELEMENT F, LDF (RLIN) |
| a |
7 |
| b |
cbc |
| c |
serials |
| d |
u |
| e |
ncip |
| f |
19 |
| g |
n-oclcserc |
| 936 ## - OCLC/CONSER MISCELLANEOUS DATA (OCLC); PIECE USED FOR CATALOGING (pre-AACR2) (RLIN) |
| OCLC control number(s) of parallel record(s) (OCLC); Piece used for cataloging, PUC (RLIN) |
Vol. 6, published in 2000 LIC |
| 942 ## - ADDED ENTRY ELEMENTS (KOHA) |
| Source of classification or shelving scheme |
|
| Item type |
Books |